000 00591nam a2200157 a 4500
001 000022646
005 20230519124858.0
008 101014s2001 dr a 000 0 spa d
040 _aDO-SdBNP
_bspa
_cBNPHU
040 _aDO-SdBNP
082 _axxx
_bN322m
100 1 _aNavarro de Ruso, Catalina
_946606
245 1 0 _aManual de procedimiento y reglamentación del Archivo Central de la Secretaría de Estado de Relaciones exteriores /
_cCatalina Navarro de Ruso.
260 _aSanto Domingo :
_bSecretaría de Estado de Relaciones Exteriores,
_fBúho
_c2001.
300 _a98 p. :
_bil. ;
_c22 cm.
999 _c22143
_d22143